Sports Quiz

Random Sports or Baseball Quiz

MLB Color Barrier Breakers Quiz Stats

Quiz Updated Jun 22, 2017

Challenge
Share
Tweet
Embed
Score 0/16 Timer 07:00
0 Plays Today
Team Player % Correct
Brooklyn DodgersJackie Robinson
99.6%
Cleveland IndiansLarry Doby
52.3%
Chicago CubsErnie Banks
35.2%
New York YankeesElston Howard
30.3%
Boston Red SoxElijah 'Pumpsie' Green
22.3%
New York GiantsMonte Irvin or Hank Thompson
21.3%
Chicago White SoxMinnie Minoso
16.1%
St. Louis BrownsHank Thompson
10%
Team Player % Correct
Boston BravesSam Jethroe
6.3%
Pittsburgh PiratesCurt Roberts
6.1%
Detroit TigersOzzie Virgil
4.3%
Philadelphia PhilliesJohn Kennedy
3.7%
St. Louis CardinalsTom Alston
3.5%
Cincinnati RedsNino Escalera or Chuck Harmon
3.4%
Philadelphia AthleticsBob Trice
3.2%
Washington Senators Carlos Paula
3.1%

You're not logged in!

Compare scores with friends on all Sporcle quizzes.
Sign Up with Email
OR
Log In

You Might Also Like...

Show Comments

Extras

Top Quizzes Today


Score Distribution

Your Account Isn't Verified!

In order to create a playlist on Sporcle, you need to verify the email address you used during registration. Go to your Sporcle Settings to finish the process.